000 00927nam a2200289 i 4500
003 DO-SdBNP
005 20231123135957.0
007 ta
008 090915s2001 dr a 000 0 spa d
040 _aDO-SdBNP
_bspa
_cBNPHU
_erda
082 _a582.16097293
_bS333r, 2001
_222
100 _aSchiffino, José
_922056
245 0 0 _aRiqueza forestal dominicana /
_cJosé Schiffino.
250 _a4a. edición
264 _aSanto Domingo :
_bSomos artes gráficas,
_c2001.
300 _a3 volumenes
_bilustraciones
_c24 cm.
336 _2rdacontent
_atexto
_btxt
337 _2rdamedia
_asin mediación
_bn
338 _2rdacarrier
_avolumen
_bnc
500 _aIncluye índice
500 _aLa biblioteca posee el volumen 1.
590 _aInventariado, 2023/ YL
650 4 _aFlora forestal
_zRepública Dominicana
_922057
650 4 _aFlora forestal
_zRepública Dominicana
_922057
910 _aYLockward
942 _2ddc
_cLBS1
999 _c55578
_d55578